000 00635nam a2200241Ia 4500
003 OSt
005 20221007063201.0
006 a|||||r|||| 00| 0
007 ta
008 221006b |||||||| |||| 00| 0 eng d
024 _a10,094
037 _cTextual
040 _aFLL
_cFLL
_beng
041 _2eng
_aeng
082 _aZ2,98,3qN08, N2
100 _aDalal Dileep Au.
_9683500
245 0 _aIndian registration act
250 _a9th
260 _aBombay
_bN.M.Tripathi India
_c1992
300 _axxxvi,422p
_ccm.
942 _hZ2,98,3qN08, N2
_cTEXL
_2CC
999 _c1130623
_d1130623